000 00838cam a22002411a 4500
001 ne 66002021
003 DLC
005 20260227111827.0
008 900920s1958 ua f000 0 ararc
010 _ane 66002021
035 _a(OCoLC)22409902
040 _aPrinceton Univ. Libr.
_cMU
_dMU
_dDLC
042 _apremarc
050 0 0 _aPJ7541
_b.M37
100 1 _aMandūr, Muḥammad,
_d1907-1965.
245 1 0 _aFann al-shiʻr /
_cMuḥammad Mandūr.
260 _aal-Qāhirah :
_bWizārat al-Thaqāfah wa-al-Irshād al-Qawmī, al-Iqlīm al-Janūbī, al-Idārah al-ʻĀmmah al-Thaqāfah :
_bDar al Qalam,
_c[1958?]
300 _a153 p. ;
_c16 cm.
490 0 _aal-Maktabah al-thaqāfīyah ;
_v12
500 _aRomanized record; in Arabic.
650 0 _aArabic poetry
_xHistory and criticism.
650 0 _aPoetry
_xHistory and criticism.
999 _c49252
_d49252